LEADER 02727nam 2200565 a 450 001 9910459380803321 005 20200520144314.0 010 $a0-87586-791-X 035 $a(CKB)2670000000061491 035 $a(EBL)617415 035 $a(OCoLC)693761560 035 $a(SSID)ssj0000424667 035 $a(PQKBManifestationID)12189608 035 $a(PQKBTitleCode)TC0000424667 035 $a(PQKBWorkID)10474730 035 $a(PQKB)11627814 035 $a(MiAaPQ)EBC617415 035 $a(Au-PeEL)EBL617415 035 $a(CaPaEBR)ebr10476865 035 $a(EXLCZ)992670000000061491 100 $a20100125d2010 uy 0 101 0 $aeng 135 $aur|n|---||||| 181 $ctxt 182 $cc 183 $acr 200 10$aOrganizational reaction to social deviance$b[electronic resource] $ethe military case /$fRobert J. Stevenson 210 $aNew York $cAlgora Pub.$d2010 215 $a1 online resource (266 p.) 300 $aDescription based upon print version of record. 311 $a0-87586-789-8 320 $aIncludes bibliographical references and index. 327 $aSocial deviance and military sociology : introduction -- Internal controls : courts-martial -- Organizational reaction : "bad paper" discharges -- Containment and expulsion -- The physical and social risks of war -- Organizational reaction and the officer-enlisted distinction -- Organizational reaction and the volume of deviance in the army : the Vietnam era -- Social deviance in military institutions : summary and implications. 330 $aMilitary justice issues have become increasingly salient since 9/11. And indeed, the types and frequency of sanctioning in the military have changed substantially since World War II. This study explores differences in how officers and enlisted men are treated, how the different branches of the military have imposed sanctions, and changes in severity and frequency of sanctions during different periods of different wars. The character of social institutions is known by the nature of rule breakers discovered, or created, within them. The US Military produces casualties in terms of due to physical 606 $aSociology, Military$zUnited States 606 $aMilitary discipline$zUnited States 606 $aSocial control$zUnited States 608 $aElectronic books. 615 0$aSociology, Military 615 0$aMilitary discipline 615 0$aSocial control 676 $a306.2/70973 700 $aStevenson$b Robert Joseph$0929551 801 0$bMiAaPQ 801 1$bMiAaPQ 801 2$bMiAaPQ 906 $aBOOK 912 $a9910459380803321 996 $aOrganizational reaction to social deviance$92089499 997 $aUNINA LEADER 01069oam 2200361Ka 450 001 9910696809603321 005 20230902161731.0 035 $a(CKB)5470000002382790 035 $a(OCoLC)56409225 035 $a(EXLCZ)995470000002382790 100 $a20040902d2003 ua 0 101 0 $aeng 135 $aurmn||||||||| 181 $ctxt$2rdacontent 182 $cc$2rdamedia 183 $acr$2rdacarrier 200 00$aBrain basics$b[electronic resource] $eunderstanding sleep 210 1$aBethesda, MD :$cNational Institute of Neurological Disorders and Stroke, National Institutes of Health,$d2003. 300 $aTitle from title screen (viewed Aug. 24, 2004). 517 $aBrain basics 606 $aSleep 606 $aSleep disorders 615 0$aSleep. 615 0$aSleep disorders. 712 02$aNational Institute of Neurological Disorders and Stroke (U.S.) 801 0$bGPO 801 1$bGPO 801 2$bOCLCQ 801 2$bSYB 906 $aBOOK 912 $a9910696809603321 996 $aBrain basics$93502967 997 $aUNINA LEADER 02201nas 2200589-a 450 001 996211920103316 005 20240413013254.0 035 $a(CKB)1000000000239768 035 $a(CONSER)--2002037689 035 $a(DE-599)ZDB2142739-2 035 $a(EXLCZ)991000000000239768 100 $a20751101b18551954 --- a 101 0 $aeng 181 $ctxt$2rdacontent 182 $cc$2rdamedia 183 $acr$2rdacarrier 200 00$aAnnals of the Astronomical Observatory of Harvard College 210 $aCambridge [Mass.] $cHetcalf and Co.$d1856- 210 2 $aBoston $cGinn and Heath 210 2 $aGroningen $cHoitsema 210 2 $aGroningen $cDijkhuizen & Van Zanten 210 3 $aCambridge, Mass. $cAstronomical Observatory of Harvard College 215 $a1 online resource 300 $aList of quarto publications, exclusive of the Annals, made by the officers of the Observatory from 1877 to 1896, with references to the work of the Blue Hill Observatory from 1885 to 1895: v. 30, p. 3-8. 300 $aSome volumes also issued as reprints. 300 $aIssues designated variously as part or number. 311 08$aPrint version: Annals of the Astronomical Observatory of Harvard College. 1933-866X (DLC) 2002037689 (OCoLC)1751837 517 1 $aAnnals of Harvard College Observatory 517 1 $aHarvard annals 517 1 $aHCO annals 531 $aANNALS OF HARVARD COLLEGE OBSERVATORY 606 $aAstronomy$vObservations$vPeriodicals 606 $aMeteorology$zNew England$vPeriodicals 606 $aAstronomy$2fast$3(OCoLC)fst00819673 606 $aMeteorology$2fast$3(OCoLC)fst01018441 606 $aZeitschrift$2gnd 607 $aNew England$2fast 608 $aObservations.$2fast 608 $aPeriodicals.$2fast 608 $aZeitschrift$2gnd-content 615 0$aAstronomy 615 0$aMeteorology 615 7$aAstronomy. 615 7$aMeteorology. 615 7$aZeitschrift 676 $a522 712 02$aHarvard College Observatory. 906 $aJOURNAL 912 $a996211920103316 920 $aexl_impl conversion 996 $aAnnals of the Astronomical Observatory of Harvard College$91994133 997 $aUNISA